Kárpátalja: hídfő vagy senki földje
Elmentve itt :
| Szerző: | |
|---|---|
| Adatforrás: | Meister |
| Forrásdokumentuma: | Korunk. - 1 sz., 1998, 4-19 p. |
| Nyelv: | magyar |
| Kulcsszavak: | politikatörténet kisebbségtörténet oral-history titkosszolgálatok sajtó kulturális intézmények magyarok (kárpátaljai) zsidók kisebbségi kérdés magyarok pánszlávizmus "málenki robot" ruszinok németek görögkatolikusok Holocaust gulag Ukrajna Kárpátalja DOBRJANSZKIJ Adolf EICHMANN Adolf Kárpáti Igaz Szó Munkás Újság Kárpátaljai Magyar Kulturális Szövetség (KMKSZ) NKDV (szovjet titkosrendőrség) KGB (szovjet titkosrendőrség) |
| LEADER | 01175nab a2200421 i 4500 | ||
|---|---|---|---|
| 001 | bibPRO00000620 | ||
| 008 | 060524s1998 xx hun | ||
| 040 | |a Sz1 | ||
| 041 | |a hun | ||
| 100 | 1 | |a ZELEI Miklós | |
| 245 | 1 | 0 | |a Kárpátalja: hídfő vagy senki földje |c ZELEI Miklós |
| 695 | |a politikatörténet | ||
| 695 | |a kisebbségtörténet | ||
| 695 | |a oral-history | ||
| 695 | |a titkosszolgálatok | ||
| 695 | |a sajtó | ||
| 695 | |a kulturális intézmények | ||
| 695 | |a magyarok (kárpátaljai) | ||
| 695 | |a zsidók | ||
| 695 | |a kisebbségi kérdés | ||
| 695 | |a magyarok | ||
| 695 | |a pánszlávizmus | ||
| 695 | |a "málenki robot" | ||
| 695 | |a ruszinok | ||
| 695 | |a németek | ||
| 695 | |a görögkatolikusok | ||
| 695 | |a Holocaust | ||
| 695 | |a gulag | ||
| 695 | |a Ukrajna | ||
| 695 | |a Kárpátalja | ||
| 695 | |a DOBRJANSZKIJ Adolf | ||
| 695 | |a EICHMANN Adolf | ||
| 695 | |a Kárpáti Igaz Szó | ||
| 695 | |a Munkás Újság | ||
| 695 | |a Kárpátaljai Magyar Kulturális Szövetség (KMKSZ) | ||
| 695 | |a NKDV (szovjet titkosrendőrség) | ||
| 695 | |a KGB (szovjet titkosrendőrség) | ||
| 773 | 0 | |t Korunk. - |g 1 sz., 1998, 4-19 p. | |